[Event "Oberliga Ost B 2018 2019"]
[Site "?"]
[Date "2019.04.06"]
[Round "10.8"]
[White "Wolf, Philipp"]
[Black "Schaffer, Hendrik"]
[Result "1/2-1/2"]
[WhiteElo "1879"]
[BlackElo "2287"]
[PlyCount "120"]
[EventDate "2018.10.21"]
[EventType "team-tourn"]
[EventCountry "GER"]
[WhiteTeam "Stadtilm SG BW"]
[BlackTeam "Neuberg SF"]
[WhiteTeamCountry "GER"]
[BlackTeamCountry "GER"]

1. e4 d6 2. d4 g6 3. Nc3 Bg7 4. f4 a6 5. Nf3 b5 6. a3 Nd7 7. Be3 Bb7 8. Be2 e6
9. O-O Ne7 10. Qd2 O-O 11. Rad1 Rc8 12. e5 Nb6 13. Ng5 Nbd5 14. Nxd5 Nxd5 15.
b3 Qe7 16. c4 Nxe3 17. Qxe3 bxc4 18. bxc4 h6 19. Nf3 c5 20. dxc5 dxe5 21. Nxe5
Bxe5 22. Qxe5 Qxc5+ 23. Qxc5 Rxc5 24. Rd7 Be4 25. Kf2 Rb8 26. Rd6 a5 27. g3 Rb3
28. Ra1 Kf8 29. Rd4 Bc6 30. Ke1 e5 31. fxe5 Rxe5 32. Ra2 Bf3 33. Kf2 Bxe2 34.
Rxe2 Rxe2+ 35. Kxe2 Rxa3 36. Kd1 Ra2 37. h4 Ke7 38. c5 Rb2 39. c6 Rb4 40. Rd5
Rc4 41. Rxa5 Rxc6 42. Ke2 h5 43. Kf3 Kf6 44. Ra7 Ke6 45. Ra5 Rc3+ 46. Kf4 Rc4+
47. Kf3 Rd4 48. Ke3 Rd5 49. Ra7 f6 50. Ke4 Rd7 51. Ra5 Rb7 52. Ra6+ Kf7 53. Ra4
Kg7 54. Kf4 Rb1 55. Kf3 Rf1+ 56. Kg2 Rf5 57. Ra8 g5 58. hxg5 Rxg5 59. Kf3 Rg4
60. Ra5 Kg6 1/2-1/2

[Event "Oberliga Ost B 2018 2019"]
[Site "?"]
[Date "2019.04.06"]
[Round "10.1"]
[White "Strache, Michael"]
[Black "Chojnacki, Krzysztof"]
[Result "1/2-1/2"]
[WhiteElo "2284"]
[BlackElo "2373"]
[PlyCount "57"]
[EventDate "2018.10.21"]
[EventType "team-tourn"]
[EventCountry "GER"]
[WhiteTeam "Sangerhausen SV"]
[BlackTeam "Wiesbadener SV"]
[WhiteTeamCountry "GER"]
[BlackTeamCountry "GER"]

1. c4 Nf6 2. Nc3 g6 3. g3 Bg7 4. Bg2 O-O 5. d4 d6 6. Nf3 Nc6 7. O-O a6 8. b3
Rb8 9. Nd5 b5 10. Nxf6+ exf6 11. cxb5 axb5 12. d5 Ne7 13. Nd4 Qd7 14. Be3 f5
15. Rc1 Bb7 16. Nc2 c5 17. dxc6 Bxc6 18. Nb4 Bxg2 19. Kxg2 Rfc8 20. Qd2 d5 21.
Bd4 Bxd4 22. Qxd4 Qe6 23. e3 Nc6 24. Nxc6 Rxc6 25. Rfd1 Ra6 26. Qxd5 Qxd5+ 27.
Rxd5 Rxa2 28. Rcc5 Rb2 29. Rxb5 1/2-1/2

[Event "Oberliga Ost B 2018 2019"]
[Site "?"]
[Date "2019.04.06"]
[Round "10.2"]
[White "Dubkov, Andrej"]
[Black "Engelmann, Jakob"]
[Result "1/2-1/2"]
[WhiteElo "2332"]
[BlackElo "2254"]
[PlyCount "34"]
[EventDate "2018.10.21"]
[EventType "team-tourn"]
[EventCountry "GER"]
[WhiteTeam "Wiesbadener SV"]
[BlackTeam "Sangerhausen SV"]
[WhiteTeamCountry "GER"]
[BlackTeamCountry "GER"]

1. d4 Nf6 2. c4 c5 3. d5 e6 4. Nc3 exd5 5. cxd5 d6 6. Nf3 g6 7. h3 Bg7 8. e4
O-O 9. Bd3 a6 10. a4 Re8 11. O-O Nbd7 12. Re1 Rb8 13. a5 b5 14. axb6 Rxb6 15.
Na4 Rb8 16. Bf4 Qc7 17. Qc2 Nh5 1/2-1/2

[Event "Oberliga Ost B 2018 2019"]
[Site "?"]
[Date "2019.04.06"]
[Round "10.3"]
[White "Heyder, Florian"]
[Black "Geske, Julian"]
[Result "0-1"]
[WhiteElo "2205"]
[BlackElo "2381"]
[PlyCount "114"]
[EventDate "2018.10.21"]
[EventType "team-tourn"]
[EventCountry "GER"]
[WhiteTeam "Sangerhausen SV"]
[BlackTeam "Wiesbadener SV"]
[WhiteTeamCountry "GER"]
[BlackTeamCountry "GER"]

1. b3 e5 2. Bb2 Nc6 3. Nf3 e4 4. Nd4 Nxd4 5. Bxd4 d5 6. e3 Nf6 7. Bb2 Bd6 8.
Be2 Be6 9. c4 dxc4 10. bxc4 O-O 11. Nc3 Re8 12. Qc2 Bf5 13. Nb5 Be5 14. Nd4 Bg4
15. h3 Bxe2 16. Nxe2 Nd7 17. O-O Nc5 18. Rab1 Bxb2 19. Rxb2 Qd7 20. Ng3 b6 21.
f3 f5 22. fxe4 fxe4 23. Rbb1 Rad8 24. Rf2 Qd3 25. Qxd3 Rxd3 26. Rbf1 g6 27. Rf7
Rd7 28. Rxd7 Nxd7 29. Rf4 Nc5 30. Kf1 Kg7 31. Ke2 Re6 32. Rg4 Re5 33. h4 c6 34.
Rf4 h5 35. Rf1 Re6 36. Rf4 Rf6 37. Rxf6 Kxf6 38. Kd1 Ke5 39. Ne2 Nd3 40. Nd4
Kd6 41. Ne2 Nb2+ 42. Kc2 Nxc4 43. Kc3 Kc5 44. d4+ exd3 45. Kxd3 b5 46. Ke4 Kd6
47. Kf4 Ne5 48. e4 c5 49. Ke3 b4 50. Ng1 a5 51. Nf3 Nxf3 52. gxf3 a4 53. Kd3
Ke5 54. Kc4 a3 55. Kb3 Kd4 56. Kc2 c4 57. Kb1 b3 0-1

[Event "Oberliga Ost B 2018 2019"]
[Site "?"]
[Date "2019.04.06"]
[Round "10.4"]
[White "Gottschalk, Jens"]
[Black "Hillmann, Michael"]
[Result "1/2-1/2"]
[WhiteElo "2274"]
[BlackElo "2133"]
[PlyCount "32"]
[EventDate "2018.10.21"]
[EventType "team-tourn"]
[EventCountry "GER"]
[WhiteTeam "Wiesbadener SV"]
[BlackTeam "Sangerhausen SV"]
[WhiteTeamCountry "GER"]
[BlackTeamCountry "GER"]

1. d4 d5 2. c4 c6 3. Nf3 Nf6 4. e3 a6 5. Bd3 dxc4 6. Bxc4 b5 7. Bd3 e6 8. a4
Bb7 9. O-O Nbd7 10. e4 Nb6 11. b3 bxa4 12. bxa4 c5 13. a5 Nbd7 14. Nbd2 cxd4
15. Qa4 Bc5 16. Nxd4 O-O 1/2-1/2

[Event "Oberliga Ost B 2018 2019"]
[Site "?"]
[Date "2019.04.06"]
[Round "10.6"]
[White "Minor, Samuel"]
[Black "Richter, Dustin"]
[Result "1-0"]
[WhiteElo "2237"]
[BlackElo "2134"]
[PlyCount "201"]
[EventDate "2018.10.21"]
[EventType "team-tourn"]
[EventCountry "GER"]
[WhiteTeam "Wiesbadener SV"]
[BlackTeam "Sangerhausen SV"]
[WhiteTeamCountry "GER"]
[BlackTeamCountry "GER"]

1. e4 c5 2. Nf3 e6 3. d3 Nc6 4. g3 Nge7 5. Bg2 g6 6. Nc3 Bg7 7. Be3 d6 8. Qd2
Nd4 9. O-O O-O 10. Ne1 Rb8 11. Nd1 b5 12. c3 Ndc6 13. f4 b4 14. cxb4 Rxb4 15.
Nc2 Rb8 16. d4 cxd4 17. Nxd4 Nxd4 18. Bxd4 Bxd4+ 19. Qxd4 Qb6 20. Qxb6 Rxb6 21.
Rf2 f5 22. Nc3 Ba6 23. Re1 Kf7 24. Rd2 Rfb8 25. Na4 Rb4 26. b3 Rd8 27. Red1
fxe4 28. Rxd6 Rxd6 29. Rxd6 Bb7 30. Nc5 Bd5 31. a3 Rb8 32. Bxe4 Bxb3 33. Ra6
Rb5 34. Nxb3 Rxb3 35. Rxa7 Kf6 36. a4 h5 37. a5 Nc8 38. Rd7 Ra3 39. Bb7 Na7 40.
a6 h4 41. Kg2 hxg3 42. hxg3 g5 43. fxg5+ Kxg5 44. Rd8 Ra2+ 45. Kh3 Nb5 46. Bc8
Na7 47. Bb7 Nb5 48. Rc8 Na7 49. Rc5+ Kf6 50. g4 e5 51. Kh4 Rh2+ 52. Kg3 Ra2 53.
Kf3 Ra3+ 54. Ke2 Ra4 55. Kf3 Ra3+ 56. Kf2 Kg5 57. Rxe5+ Kxg4 58. Ke2 Kf4 59.
Rc5 Rb3 60. Kd2 Nb5 61. Bd5 Ra3 62. Rxb5 Rxa6 63. Kd3 Ra1 64. Kd4 Rd1+ 65. Kc5
Ke5 66. Bc4 Kf6 67. Rb6+ Ke5 68. Re6+ Kf5 69. Re8 Rc1 70. Kd4 Rd1+ 71. Kc5 Rc1
72. Kd5 Rd1+ 73. Kc6 Rc1 74. Kc5 Kf6 75. Kd4 Rd1+ 76. Bd3 Ra1 77. Rb8 Ra4+ 78.
Bc4 Ra1 79. Rf8+ Ke7 80. Rf7+ Kd6 81. Rf6+ Ke7 82. Rh6 Rg1 83. Bd5 Rg4+ 84. Kc5
Ra4 85. Re6+ Kd7 86. Re1 Ra6 87. Kd4 Ra4+ 88. Ke5 Rh4 89. Rf1 Rh5+ 90. Kd4 Rh2
91. Kc5 Rc2+ 92. Bc4 Ke8 93. Rf4 Ke7 94. Rf7+ Ke8 95. Ra7 Rc1 96. Kd5 Rd1+ 97.
Ke6 Re1+ 98. Kd6 Kf8 99. Rf7+ Ke8 100. Rc7 Kf8 101. Be6 1-0

[Event "Oberliga Ost B 2018 2019"]
[Site "?"]
[Date "2019.04.06"]
[Round "10.7"]
[White "Buerckner, Georg"]
[Black "Kayser, Felix"]
[Result "1/2-1/2"]
[WhiteElo "2040"]
[BlackElo "2101"]
[PlyCount "33"]
[EventDate "2018.10.21"]
[EventType "team-tourn"]
[EventCountry "GER"]
[WhiteTeam "Sangerhausen SV"]
[BlackTeam "Wiesbadener SV"]
[WhiteTeamCountry "GER"]
[BlackTeamCountry "GER"]

1. e4 c5 2. c3 g6 3. d4 cxd4 4. cxd4 d5 5. exd5 Nf6 6. Nf3 Nxd5 7. Nc3 Bg7 8.
Be2 Nc6 9. Qb3 e6 10. O-O O-O 11. Nxd5 exd5 12. Be3 Re8 13. Rfd1 Na5 14. Qb4
Nc6 15. Qb3 Na5 16. Qb4 Nc6 17. Qb3 1/2-1/2

[Event "Oberliga Ost B 2018 2019"]
[Site "?"]
[Date "2019.04.06"]
[Round "10.8"]
[White "Ungurean, Florin Ioan"]
[Black "Rudolf, Henning"]
[Result "1/2-1/2"]
[WhiteElo "2001"]
[BlackElo "1935"]
[PlyCount "44"]
[EventDate "2018.10.21"]
[EventType "team-tourn"]
[EventCountry "GER"]
[WhiteTeam "Wiesbadener SV"]
[BlackTeam "Sangerhausen SV"]
[WhiteTeamCountry "GER"]
[BlackTeamCountry "GER"]

1. d4 Nf6 2. Nf3 g6 3. Bf4 d5 4. h3 Bg7 5. e3 O-O 6. Be2 b6 7. O-O Bb7 8. Nbd2
Nbd7 9. Ne5 Nxe5 10. Bxe5 Nd7 11. Bxg7 Kxg7 12. f4 e6 13. Qe1 Qe7 14. c3 a5 15.
g4 f5 16. g5 Ba6 17. Bxa6 Rxa6 18. Qe2 Raa8 19. Nf3 Rh8 20. Kg2 h5 21. Rac1 c6
22. Rc2 b5 1/2-1/2

[Event "Oberliga Ost B 2018 2019"]
[Site "?"]
[Date "2019.04.07"]
[Round "11.1"]
[White "Teske, Henrik"]
[Black "Lubbe, Melanie"]
[Result "1-0"]
[WhiteElo "2476"]
[BlackElo "2304"]
[PlyCount "65"]
[EventDate "2018.10.21"]
[EventType "team-tourn"]
[EventCountry "GER"]
[WhiteTeam "Erfurt SV Empor"]
[BlackTeam "Neuberg SF"]
[WhiteTeamCountry "GER"]
[BlackTeamCountry "GER"]

1. e4 d6 2. d4 Nf6 3. Bd3 e5 4. c3 Nbd7 5. f4 c5 6. Nf3 cxd4 7. cxd4 exd4 8.
Nxd4 Nc5 9. Nc3 a6 10. O-O Be7 11. Nb3 Nxd3 12. Qxd3 O-O 13. Be3 Be6 14. Nd4
Ng4 15. Rfe1 Rc8 16. Rad1 Qa5 17. Qd2 Qh5 18. h3 Nxe3 19. Qxe3 Rfe8 20. Kh2 Bf6
21. Nxe6 Rxe6 22. Nd5 h6 23. Rd2 Rc4 24. Qd3 b5 25. b3 Rc5 26. Ree2 Rc1 27. Rc2
Rxc2 28. Rxc2 g5 29. Rc8+ Kg7 30. Nc7 Re7 31. Ne8+ Rxe8 32. Rxe8 gxf4 33. Qxd6
1-0

[Event "Oberliga Ost B 2018 2019"]
[Site "?"]
[Date "2019.04.07"]
[Round "11.3"]
[White "Urban, Lars"]
[Black "Wahedi, Ahmad Siar"]
[Result "0-1"]
[WhiteElo "2200"]
[BlackElo "2275"]
[PlyCount "50"]
[EventDate "2018.10.21"]
[EventType "team-tourn"]
[EventCountry "GER"]
[WhiteTeam "Erfurt SV Empor"]
[BlackTeam "Neuberg SF"]
[WhiteTeamCountry "GER"]
[BlackTeamCountry "GER"]

1. d4 b5 2. e4 Bb7 3. Bxb5 Bxe4 4. Nf3 Nf6 5. O-O e6 6. Re1 Be7 7. Bg5 Bb7 8.
Nbd2 O-O 9. c3 c5 10. Bxf6 gxf6 11. Bd3 Kh8 12. dxc5 Bxc5 13. Ne4 Be7 14. Bc2
Rg8 15. Re3 d5 16. Ng3 Bc5 17. Nd4 f5 18. Qh5 Qf6 19. Rae1 Nc6 20. Ngxf5 Rg5
21. Qh3 exf5 22. Re8+ Rg8 23. Bxf5 h6 24. R8e6 fxe6 25. Rxe6 Rae8 0-1

[Event "Oberliga Ost B 2018 2019"]
[Site "?"]
[Date "2019.04.07"]
[Round "11.4"]
[White "Lutz, Klaus Juergen"]
[Black "Weishaeutel, Moritz"]
[Result "1/2-1/2"]
[WhiteElo "2220"]
[BlackElo "2278"]
[PlyCount "51"]
[EventDate "2018.10.21"]
[EventType "team-tourn"]
[EventCountry "GER"]
[WhiteTeam "Neuberg SF"]
[BlackTeam "Erfurt SV Empor"]
[WhiteTeamCountry "GER"]
[BlackTeamCountry "GER"]

1. e4 c5 2. c3 d5 3. exd5 Qxd5 4. d4 Nf6 5. Nf3 Nc6 6. Be3 cxd4 7. Nxd4 Bg4 8.
Qb3 Nxd4 9. Bxd4 e5 10. Bb5+ Bd7 11. Bxd7+ Kxd7 12. Be3 Qxg2 13. Qxf7+ Be7 14.
Rf1 Rhf8 15. Qc4 Ng4 16. Qb5+ Kc8 17. Qc4+ Kd7 18. Qb5+ Qc6 19. Qxc6+ Kxc6 20.
Nd2 Rf5 21. h3 Nxe3 22. fxe3 Rh5 23. O-O-O Rxh3 24. Rf7 Kd6 25. Rxg7 Ke6 26.
Rf1 1/2-1/2

[Event "Oberliga Ost B 2018 2019"]
[Site "?"]
[Date "2019.04.07"]
[Round "11.5"]
[White "Michalowski, Peter"]
[Black "Overbeck, Thorsten"]
[Result "1/2-1/2"]
[WhiteElo "2105"]
[BlackElo "2288"]
[PlyCount "39"]
[EventDate "2018.10.21"]
[EventType "team-tourn"]
[EventCountry "GER"]
[WhiteTeam "Erfurt SV Empor"]
[BlackTeam "Neuberg SF"]
[WhiteTeamCountry "GER"]
[BlackTeamCountry "GER"]

1. e4 c6 2. d4 d5 3. e5 Bf5 4. Nf3 e6 5. Be2 Nd7 6. O-O Ne7 7. Nbd2 c5 8. c4 a6
9. Re1 cxd4 10. cxd5 Nxd5 11. Nxd4 Bg6 12. Bf3 Nc5 13. Ne4 Nxe4 14. Bxe4 Bb4
15. Bd2 Be7 16. Qb3 Bxe4 17. Rxe4 Qd7 18. Qg3 g6 19. Bg5 O-O-O 20. Bxe7 1/2-1/2

[Event "Oberliga Ost B 2018 2019"]
[Site "?"]
[Date "2019.04.07"]
[Round "11.6"]
[White "Koller, Jens"]
[Black "Sieber, Stephan"]
[Result "1-0"]
[WhiteElo "2155"]
[BlackElo "2196"]
[PlyCount "61"]
[EventDate "2018.10.21"]
[EventType "team-tourn"]
[EventCountry "GER"]
[WhiteTeam "Neuberg SF"]
[BlackTeam "Erfurt SV Empor"]
[WhiteTeamCountry "GER"]
[BlackTeamCountry "GER"]

1. e4 c5 2. Nf3 e6 3. d4 cxd4 4. Nxd4 Nf6 5. Nc3 Bb4 6. e5 Ne4 7. Qf3 Bxc3+ 8.
bxc3 f5 9. exf6 Nxf6 10. Ba3 a6 11. Bd3 Nc6 12. Nxc6 bxc6 13. Bd6 Qa5 14. O-O
Qd5 15. Qxd5 cxd5 16. f3 Kf7 17. Rab1 Re8 18. Rfe1 g6 19. a4 Ng8 20. c4 Ne7 21.
cxd5 exd5 22. Re5 Nf5 23. Rxd5 Nxd6 24. Rxd6 Re5 25. Rbb6 a5 26. Rd4 Ke7 27.
Rh4 Rh5 28. Rxh5 gxh5 29. Rh6 Bb7 30. Rxh7+ Kd6 31. Rxh5 1-0

[Event "Oberliga Ost B 2018 2019"]
[Site "?"]
[Date "2019.04.07"]
[Round "11.7"]
[White "Heinke, Jasper"]
[Black "Schaffer, Hendrik"]
[Result "0-1"]
[WhiteElo "2025"]
[BlackElo "2287"]
[PlyCount "70"]
[EventDate "2018.10.21"]
[EventType "team-tourn"]
[EventCountry "GER"]
[WhiteTeam "Erfurt SV Empor"]
[BlackTeam "Neuberg SF"]
[WhiteTeamCountry "GER"]
[BlackTeamCountry "GER"]

1. d4 Nf6 2. c4 g6 3. Nc3 Bg7 4. e4 d6 5. Be2 O-O 6. Nf3 e5 7. O-O Na6 8. Bg5
h6 9. Bxf6 Bxf6 10. Nd5 Bg7 11. c5 c6 12. Bxa6 cxd5 13. Bd3 exd4 14. Rc1 dxc5
15. Rxc5 dxe4 16. Bxe4 Qb6 17. Qc2 Be6 18. b4 Rac8 19. Rb1 Rfd8 20. h4 Bf8 21.
Rxc8 Rxc8 22. Qd2 Bg7 23. h5 g5 24. Re1 d3 25. Qxd3 Qxb4 26. Rb1 Qa5 27. Rxb7
g4 28. Nh4 Qe1+ 29. Kh2 Be5+ 30. g3 Qxf2+ 31. Ng2 Rc1 32. Bh7+ Kh8 33. Rb8+
Bxb8 34. Qd8+ Kxh7 35. Qh8+ Kxh8 0-1

[Event "Oberliga Ost B 2018 2019"]
[Site "?"]
[Date "2019.04.07"]
[Round "11.8"]
[White "Sergin, Mark"]
[Black "Pichl, Michael"]
[Result "1-0"]
[WhiteElo "2185"]
[BlackElo "2023"]
[PlyCount "105"]
[EventDate "2018.10.21"]
[EventType "team-tourn"]
[EventCountry "GER"]
[WhiteTeam "Neuberg SF"]
[BlackTeam "Erfurt SV Empor"]
[WhiteTeamCountry "GER"]
[BlackTeamCountry "GER"]

1. e4 g6 2. d4 Bg7 3. Nc3 c5 4. d5 d6 5. h3 Nf6 6. Nf3 O-O 7. Be2 b5 8. e5 dxe5
9. Bxb5 e4 10. Ne5 Bb7 11. Nc6 Qc7 12. Nxb8 Raxb8 13. Bc4 Rfd8 14. Qe2 Nxd5 15.
Nb5 Qe5 16. O-O Nb6 17. Nxa7 Nxc4 18. Qxc4 Bd5 19. Qxc5 Qe6 20. Rd1 Be5 21. Be3
f5 22. c4 Ba8 23. Bd4 Bd6 24. Qa5 Bb4 25. Qe5 Qxe5 26. Bxe5 Bd6 27. Bxd6 exd6
28. Nb5 d5 29. b3 Kf7 30. Rd2 dxc4 31. Nd6+ Ke6 32. Nxc4 Rxd2 33. Nxd2 Rd8 34.
Nc4 Rd5 35. Kf1 Bb7 36. Ke1 Ba6 37. Rc1 f4 38. Nb2 Rd6 39. Rc5 Bb7 40. Rc7 Rd7
41. Rxd7 Kxd7 42. g3 g5 43. b4 Bd5 44. a4 Bb3 45. gxf4 gxf4 46. Kd2 Be6 47. h4
Kd6 48. Kc3 Bg4 49. Kd4 Bf5 50. Nc4+ Ke6 51. b5 e3 52. fxe3 f3 53. e4 1-0

[Event "Oberliga Ost B 2018 2019"]
[Site "?"]
[Date "2019.04.07"]
[Round "11.1"]
[White "Nguyen, Huy Dat"]
[Black "Mueller, Maximilian"]
[Result "0-1"]
[WhiteElo "2172"]
[BlackElo "2295"]
[PlyCount "86"]
[EventDate "2018.10.21"]
[EventType "team-tourn"]
[EventCountry "GER"]
[WhiteTeam "Erfurt SV Medizin"]
[BlackTeam "Gernsheim SK"]
[WhiteTeamCountry "GER"]
[BlackTeamCountry "GER"]

1. e4 e5 2. Nf3 Nc6 3. Bb5 Nf6 4. d3 Bc5 5. O-O Nd4 6. Nxd4 Bxd4 7. c3 Bb6 8.
Bg5 c6 9. Ba4 h6 10. Bh4 g5 11. Bg3 d6 12. Kh1 h5 13. f3 h4 14. Bf2 Nh5 15. d4
Ng3+ 16. Kg1 Nxf1 17. Kxf1 Qf6 18. Na3 h3 19. g4 Bd7 20. Nc4 Bc7 21. Ne3 b5 22.
Bb3 Bb6 23. a4 bxa4 24. Rxa4 Rb8 25. Nc4 c5 26. dxc5 dxc5 27. Bg3 Bb5 28. Kf2
Rd8 29. Bxe5 Qxe5 30. Nxe5 Rxd1 31. Bxd1 Bxa4 32. Bxa4+ Ke7 33. Nd7 Bc7 34. e5
Rd8 35. Nxc5 Rd2+ 36. Ke3 Rxh2 37. f4 Rxb2 38. f5 Bb6 39. f6+ Kf8 40. Kd4 h2
41. Bc6 Rb5 42. e6 fxe6 43. Bxb5 h1=Q 0-1

[Event "Oberliga Ost B 2018 2019"]
[Site "?"]
[Date "2019.04.07"]
[Round "11.2"]
[White "Hebbering, Tom Elliot"]
[Black "Wehner, Janis"]
[Result "1-0"]
[WhiteElo "2217"]
[BlackElo "2138"]
[PlyCount "77"]
[EventDate "2018.10.21"]
[EventType "team-tourn"]
[EventCountry "GER"]
[WhiteTeam "Gernsheim SK"]
[BlackTeam "Erfurt SV Medizin"]
[WhiteTeamCountry "GER"]
[BlackTeamCountry "GER"]

1. d4 Nf6 2. c4 g6 3. g3 Bg7 4. Bg2 O-O 5. Nc3 d6 6. Nf3 c5 7. d5 e6 8. O-O
exd5 9. cxd5 Re8 10. Bf4 Ne4 11. Nxe4 Rxe4 12. Nd2 Re8 13. Nc4 Bf8 14. a4 b6
15. Re1 Ba6 16. b3 Bxc4 17. bxc4 Bg7 18. Ra2 Qe7 19. e4 Nd7 20. Rae2 Ne5 21.
Qc2 g5 22. Bxe5 Qxe5 23. Bh3 a6 24. Rb1 Rab8 25. Re3 Re7 26. Bf5 Reb7 27. Reb3
Qe8 28. Qa2 b5 29. axb5 axb5 30. Rxb5 Rxb5 31. Rxb5 Rxb5 32. cxb5 Qxb5 33. Qa8+
Bf8 34. e5 Kg7 35. Qd8 dxe5 36. Qxg5+ Kh8 37. Qh5 Kg7 38. Qg5+ Kh8 39. d6 1-0

[Event "Oberliga Ost B 2018 2019"]
[Site "?"]
[Date "2019.04.07"]
[Round "11.3"]
[White "Jakob, Matthias"]
[Black "Neumann, Martin"]
[Result "1/2-1/2"]
[WhiteElo "2124"]
[BlackElo "2076"]
[PlyCount "91"]
[EventDate "2018.10.21"]
[EventType "team-tourn"]
[EventCountry "GER"]
[WhiteTeam "Erfurt SV Medizin"]
[BlackTeam "Gernsheim SK"]
[WhiteTeamCountry "GER"]
[BlackTeamCountry "GER"]

1. d4 d5 2. Nc3 Nf6 3. Bf4 e6 4. e3 Be7 5. Bd3 Bd7 6. Nf3 O-O 7. Ne5 c5 8. dxc5
Bxc5 9. O-O Nc6 10. e4 Nb4 11. exd5 Nfxd5 12. Nxd5 exd5 13. Nxd7 Qxd7 14. c3
Nxd3 15. Qxd3 Rad8 16. Be5 Rfe8 17. Qg3 Bf8 18. Bf6 Rc8 19. Bd4 Re2 20. b3 a6
21. Qd3 Re6 22. Rfe1 Rce8 23. Rxe6 Qxe6 24. Be3 g6 25. Rd1 Bg7 26. Qxd5 Qxd5
27. Rxd5 Bxc3 28. Rd7 b5 29. g3 Kg7 30. Kg2 h5 31. Rc7 Be5 32. Rc5 Bb2 33. Rc2
Be5 34. f4 Bf6 35. Kf3 Re6 36. h3 Ba1 37. g4 hxg4+ 38. hxg4 f5 39. Rc7+ Kf8 40.
gxf5 gxf5 41. Rc5 Rf6 42. Rc1 Bb2 43. Rc2 Ba1 44. Rc7 Rf7 45. Rc6 Rf6 46. Rc7
1/2-1/2

[Event "Oberliga Ost B 2018 2019"]
[Site "?"]
[Date "2019.04.07"]
[Round "11.4"]
[White "Di Capua, Francesco Stefano"]
[Black "Kirschbaum, Gunnar"]
[Result "0-1"]
[WhiteElo "1946"]
[BlackElo "2095"]
[PlyCount "50"]
[EventDate "2018.10.21"]
[EventType "team-tourn"]
[EventCountry "GER"]
[WhiteTeam "Gernsheim SK"]
[BlackTeam "Erfurt SV Medizin"]
[WhiteTeamCountry "GER"]
[BlackTeamCountry "GER"]

1. e4 d6 2. d4 Nf6 3. Nc3 g6 4. Nf3 Bg7 5. Bf4 O-O 6. Qd2 c6 7. Bh6 b5 8. Bxg7
Kxg7 9. Bd3 Bg4 10. Ne2 Nbd7 11. Ng3 e5 12. Rg1 h6 13. O-O-O a5 14. d5 cxd5 15.
exd5 Nc5 16. Bxb5 Qb6 17. a4 Rab8 18. b3 Rfc8 19. Kb2 Nce4 20. Qe1 Nc3 21. h3
Bd7 22. Bxd7 Nxd7 23. Qd2 Qb4 24. Ra1 Nc5 25. Rgc1 Nxb3 0-1

[Event "Oberliga Ost B 2018 2019"]
[Site "?"]
[Date "2019.04.07"]
[Round "11.5"]
[White "Mueller Ludwig, Kristin"]
[Black "Peterson, Emery"]
[Result "1/2-1/2"]
[WhiteElo "2030"]
[BlackElo "2161"]
[PlyCount "98"]
[EventDate "2018.10.21"]
[EventType "team-tourn"]
[EventCountry "GER"]
[WhiteTeam "Erfurt SV Medizin"]
[BlackTeam "Gernsheim SK"]
[WhiteTeamCountry "GER"]
[BlackTeamCountry "GER"]

1. e4 e6 2. d4 d5 3. Nc3 Nf6 4. e5 Nfd7 5. f4 c5 6. Nf3 Nc6 7. Be3 cxd4 8. Nxd4
Nxd4 9. Bxd4 Bc5 10. Qd2 O-O 11. O-O-O Bxd4 12. Qxd4 f6 13. Nxd5 fxe5 14. fxe5
Qg5+ 15. Qe3 Qxe3+ 16. Nxe3 Nxe5 17. Rd4 Bd7 18. Nc4 Bb5 19. Nxe5 Rxf1+ 20.
Rxf1 Bxf1 21. Rd2 Rf8 22. b3 Rf5 23. Ng4 Bb5 24. c4 Bc6 25. Re2 h5 26. Ne5 Bxg2
27. Ng6 Rg5 28. Nf4 Bf3 29. Rxe6 Rf5 30. Nd3 g5 31. Kd2 g4 32. Re5 Rxe5 33.
Nxe5 Be4 34. Ke3 Bb1 35. a3 Kg7 36. Kf4 Kf6 37. b4 Bf5 38. c5 a6 39. a4 Be6 40.
b5 axb5 41. axb5 Bd5 42. b6 Ke6 43. c6 Kd6 44. cxb7 Bxb7 45. Nc4+ Kc5 46. Na5
Kxb6 47. Nxb7 Kxb7 48. Kg5 Kc7 49. Kxh5 Kd7 1/2-1/2

[Event "Oberliga Ost B 2018 2019"]
[Site "?"]
[Date "2019.04.07"]
[Round "11.6"]
[White "Rosenberger, Frank"]
[Black "Reichel, Norbert"]
[Result "1-0"]
[WhiteElo "2018"]
[BlackElo "2102"]
[PlyCount "79"]
[EventDate "2018.10.21"]
[EventType "team-tourn"]
[EventCountry "GER"]
[WhiteTeam "Gernsheim SK"]
[BlackTeam "Erfurt SV Medizin"]
[WhiteTeamCountry "GER"]
[BlackTeamCountry "GER"]

1. e4 c5 2. Nf3 Nc6 3. d4 cxd4 4. Nxd4 g6 5. Nc3 Bg7 6. Be3 Nf6 7. Bc4 Qa5 8.
O-O O-O 9. Bb3 d6 10. h3 Bd7 11. f4 Nxd4 12. Bxd4 Bc6 13. Qd3 Nd7 14. Bxg7 Kxg7
15. Qd4+ Kg8 16. Kh1 Qc5 17. Qd2 Qh5 18. Rae1 Rfe8 19. Re3 Nc5 20. Bd5 a5 21.
f5 Bxd5 22. Nxd5 Rad8 23. Qxa5 Ra8 24. Qb5 Qg5 25. Re2 Red8 26. b4 Nd7 27. f6
exf6 28. Nxf6+ Qxf6 29. Rxf6 Nxf6 30. Qxb7 Nd7 31. Qd5 Ne5 32. c4 Ra3 33. Rd2
Rc3 34. Rd4 Rc8 35. Qxd6 Nxc4 36. Qf6 Rc1+ 37. Kh2 h5 38. Rd8+ Rxd8 39. Qxd8+
Kg7 40. Qd4+ 1-0

[Event "Oberliga Ost B 2018 2019"]
[Site "?"]
[Date "2019.04.07"]
[Round "11.7"]
[White "Nguyen, Ha Thanh"]
[Black "Mazurek, Robert"]
[Result "0-1"]
[WhiteElo "1921"]
[BlackElo "2170"]
[PlyCount "72"]
[EventDate "2018.10.21"]
[EventType "team-tourn"]
[EventCountry "GER"]
[WhiteTeam "Erfurt SV Medizin"]
[BlackTeam "Gernsheim SK"]
[WhiteTeamCountry "GER"]
[BlackTeamCountry "GER"]

1. e4 e5 2. Nf3 Nc6 3. Bc4 Bc5 4. c3 Nf6 5. d3 O-O 6. O-O d5 7. exd5 Nxd5 8. b4
Be7 9. a4 a6 10. Bb2 Bg4 11. Na3 Nb6 12. Bb3 Kh8 13. Nc2 f5 14. Ne3 Bh5 15. Qc2
Bxf3 16. gxf3 Qe8 17. Rfe1 Qh5 18. Qe2 Rae8 19. a5 Nd7 20. Kh1 Bd6 21. Nd5 Nd4
22. Qf1 Nxb3 23. Rad1 Qxf3+ 24. Qg2 Qxg2+ 25. Kxg2 f4 26. Kf3 c6 27. Nb6 Nxb6
28. axb6 c5 29. Re4 cxb4 30. cxb4 Kg8 31. Rc4 Rc8 32. Ke4 Nd4 33. Bxd4 exd4 34.
Kxd4 Rxc4+ 35. Kxc4 Rc8+ 36. Kb3 Rc6 0-1

[Event "Oberliga Ost B 2018 2019"]
[Site "?"]
[Date "2019.04.07"]
[Round "11.8"]
[White "Rolf, Marco"]
[Black "Grund, Sebastian"]
[Result "1-0"]
[WhiteElo "2056"]
[BlackElo "2069"]
[PlyCount "61"]
[EventDate "2018.10.21"]
[EventType "team-tourn"]
[EventCountry "GER"]
[WhiteTeam "Gernsheim SK"]
[BlackTeam "Erfurt SV Medizin"]
[WhiteTeamCountry "GER"]
[BlackTeamCountry "GER"]

1. d4 Nf6 2. c4 g6 3. Nc3 d5 4. cxd5 Nxd5 5. Bd2 Bg7 6. e4 Nxc3 7. Bxc3 c5 8.
d5 e5 9. Nf3 O-O 10. Bc4 Qd6 11. O-O Bg4 12. h3 Bxf3 13. Qxf3 f5 14. exf5 gxf5
15. Qg3 Rf7 16. f4 exf4 17. Rxf4 Nd7 18. Re1 Nb6 19. Re6 Qd7 20. Rxb6 axb6 21.
d6 Kh8 22. Bxf7 Qxf7 23. Rxf5 Qd7 24. Qf4 Bxc3 25. Rf8+ Kg7 26. Rxa8 Bd4+ 27.
Kh2 Qe6 28. Qg5+ Kf7 29. Qg8+ Kf6 30. Rf8+ Ke5 31. Re8 1-0